000 00971nam a2200265 a 4500
001 000035445
005 20200930074340.0
008 111031s1968 sp a 000 0 spa d
040 _aDO-SdBNP
_bspa
_cBNPHU
082 _axxxx
_bM495c
100 1 _aMeersch, Maxence van der,
_d1907-1951
_913818
240 1 0 _aLe coeur pur
_lFrancés
240 1 3 _aLa compagne
_lFrancés
245 1 4 _aLeed en mi corazón ;
_bla compañera /
_cMaxence van der Meersch ; traductor Pedro Pellicena , Matilde de Rafael.
260 _aBarcelona :
_bEdiciones G.P.,
_c1968.
300 _a315 p. :
_bil. ;
_c18 cm.
490 1 _aLos clasicos del siglo xx.
501 _aPublicado con : La compañera.
563 _aDos obras publicadas juntas con paginación continua.
700 1 2 _aMeersch, Maxence van der,
_cLa compañera
_961283
700 1 2 _aPellicena, Pedro,
_etr.
_961284
700 1 2 _aRafael, Matilde de,
_etr.
_961285
830 4 _aLos clasicos del siglo xx.
_913639
049 _aBNGR
999 _c34936
_d34936